000 00456cam a2200181 4500
001 D15065
008 090401t1965 xxu||||| |||| 00| 0 eng d
035 _a(Sirsi) u20020
041 _aeng
110 _aRoyal Institution of Chartered Surveyors
_bLancashire Cheshire
_9800
245 _aAnnual report session 1964-65
260 _bRICS
_c1965
300 _a19p
350 _a0
520 _aFiled in box 1965/4 AB
942 _n0
948 _c04/03/1997
999 _c87748
_d87748